ბათუმის შოთა რუსთაველის სახელმწიფო უნივერსიტეტის ბიბლიოთეკა

ეკონომიკა (Economics) : 4 ტომად : (ბიბ.ჩანაწერი № 59021)

000 -ლიდერი
ფიქსირებული სიგრძის საკონტროლო ველი 01330nam a22002537a 4500
003 - საკონტროლო ნომრის იდენტიფიკატორი
საკონტროლო ველი Ge_BSU
005 - ბოლო ოპერაციის თარიღი და დრო
საკონტროლო ველი 20221101115807.0
008 - ფიქსირებული სიგრძის მონაცემთა ელემენტები - ზოგადი ინფორმაცია
ფიქსირებული სიგრძის საკონტროლო ველი 221101s1997 ge ||||| |||| 00| 0 geo d
041 ## - ენის კოდი
Language code of text/sound track or separate title geo
080 ## - უნივერსალური ათობითი კლასიფიკაციის ინდექსი
Universal Decimal Classification number 330.110(075.8) ფ–67
100 ## - მთავარი ჩანაწერი - პიროვნების სახელი
Personal name ფიშერი, ს.
9 (RLIN) 12977
245 ## - ცნობა სათაურის შესახებ
Title ეკონომიკა (Economics) : 4 ტომად :
Remainder of title ტ. 2 /
Statement of responsibility, etc ს. ფიშერი, რ. დორნბუში, რ. შმალენზი ; [მთარგმნ. და პმგ რედ.: კარლო ღურწკაია]
264 ## - წარმოების, გამოცემის, დისტრიბუციის და სხვა ცნობები
გამოცემის, წარმოების, დისტრიბუციის... ადგილი თბილისი,
გამოცემის, წარმოების, დისტრიბუციის... თარიღი 1997.
300 ## - ფიზიკური აღწერა
Extent 527 გვ.;
Other physical details 20 სმ.
653 ## - INDEX TERM--UNCONTROLLED
Uncontrolled term პოლიტიკური ეკონომია
653 ## - INDEX TERM--UNCONTROLLED
Uncontrolled term ბაზრის სახელმწიფო რეგულირება
653 ## - INDEX TERM--UNCONTROLLED
Uncontrolled term შემოსავლების განაწილება. გადასახადები
653 ## - INDEX TERM--UNCONTROLLED
Uncontrolled term ტრანსფერტები
653 ## - INDEX TERM--UNCONTROLLED
Uncontrolled term სახელმწიფო ხარჯები
700 ## - ADDED ENTRY--PERSONAL NAME
Personal name დორნბუში, რ.
Relator term ავტორი
9 (RLIN) 434
700 ## - ADDED ENTRY--PERSONAL NAME
Personal name შმალენზი, რ.
Relator term ავტორი
9 (RLIN) 435
700 ## - ADDED ENTRY--PERSONAL NAME
Personal name ღურწკაია, კარლო
Relator term მთარგმნელი, რედაქტორი
9 (RLIN) 3333
942 ## - ADDED ENTRY ELEMENTS (KOHA)
Source of classification or shelving scheme
Koha item type წიგნი
ეგზემპლარები
ჩამოწერის სტატუსი დაკარგული ეგზემპლარის სტატუსი კლასიფიკაციის წყარო ან თაროზე გაწყობის სქემა დაზიანების სტატუსი არ გაიცემა მუდმივი მდებარეობა (დაცვის ადგილი) ამჟამინდელი ადგილსამყოფელი თაროზე განთავსების ადგილი შეძენის თარიღი ღირებულება, შესყიდვის ნორმალური ფასი სრული შენახვის შიფრი შტრიხკოდი ბოლო ოპერაციის თარიღი ეგზემპლარის მიმდევრობითი ნომერი (კეტერი?) ფასის ძალაში შესვლის თარიღი ეგზემპლარის სახეობა საჯარო შენიშვნა
          ბათუმის შოთა რუსთაველის სახელმწიფო უნივერსიტეტის მთავარი ბიბლიოთეკა ბათუმის შოთა რუსთაველის სახელმწიფო უნივერსიტეტის მთავარი ბიბლიოთეკა წიგნსაცავი 2022-11-01 15.40 330.110(075.8) ფ–67 28837 2022-11-01 28837 2022-11-01 წიგნი 15 ლ. 40 თ.
          ბათუმის შოთა რუსთაველის სახელმწიფო უნივერსიტეტის მთავარი ბიბლიოთეკა ბათუმის შოთა რუსთაველის სახელმწიფო უნივერსიტეტის მთავარი ბიბლიოთეკა წიგნსაცავი 2024-06-04 8.00 330.110(075.8) ფ–67 65967 2024-06-04 65967 2024-06-04 წიგნი 8.00